Experiencia y representación en el siglo de oro (Record no. 15978)

MARC details
000 -LEADER
campo de control de longitud fija 00754nam a2200205 i 4500
001 - NÚMERO DE CONTROL
campo de control 15978
003 - IDENTIFICADOR DE NÚMERO DE CONTROL
campo de control ES-MaACL
005 - FECHA Y HORA DE LA ÚLTIMA TRANSACCIÓN
campo de control 20230906151220.0
007 - CAMPO FIJO DE DESCRIPCIÓN FÍSICA--INFORMACIÓN GENERAL
campo de control de longitud fija t|
008 - DATOS DE LONGITUD FIJA--INFORMACIÓN GENERAL
campo de control de longitud fija 000530s1998 sp |||| | spa j
020 ## - NÚMERO INTERNACIONAL ESTÁNDAR DEL LIBRO
Número Internacional Estándar del Libro 84-7846-720-3
080 ## - NÚMERO DE LA CLASIFICACIÓN DECIMAL UNIVERSAL
Número de la Clasificación Decimal Universal 821.134.2.09"15/16"
100 1# - ENTRADA PRINCIPAL--NOMBRE DE PERSONA
Nombre de persona Checa Cremades, Jorge.
9 (RLIN) 38302
245 10 - MENCIÓN DEL TÍTULO
Título Experiencia y representación en el siglo de oro
Resto del título : Cortés, Santa Teresa, Gracián, Sor Juana Inés de la Cruz /
Mención de responsabilidad, etc. Jorge Checa.
260 ## - PUBLICACIÓN, DISTRIBUCIÓN, ETC.
Lugar de publicación, distribución, etc. [Valladolid] :
Nombre del editor, distribuidor, etc. Consejería de Educación y Cultura,
Fecha de publicación, distribución, etc. 1998.
300 ## - DESCRIPCIÓN FÍSICA
Extensión 218 p. ;
Dimensiones 22 cm.
650 14 - PUNTO DE ACCESO ADICIONAL DE MATERIA--TÉRMINO DE MATERIA
Término de materia o nombre geográfico como elemento de entrada Literatura española-
Subdivisión cronológica S.XVI-XVII-
Subdivisión general Historia y crítica.
9 (RLIN) 14571
710 1# - ENTRADA AGREGADA--NOMBRE DE ENTIDAD CORPORATIVA
Nombre de entidad corporativa o nombre de jurisdicción como elemento de entrada Castilla y León.
Unidad subordinada Consejería de Educación y Cultura.
9 (RLIN) 2500
852 ## - LOCALIZACIÓN
Ubicación ES-MaACL
Número de control de estantería L-23146
Holdings
Estatus retirado Estado de pérdida Estado de daño No para préstamo Biblioteca de origen Biblioteca actual Ubicación en estantería Fecha de adquisición Fuente de adquisición Total de préstamos Signatura topográfica completa Código de barras Visto por última vez Precio de reemplazo Tipo de ítem Koha
        Biblioteca del Ateneo de Madrid Biblioteca del Ateneo de Madrid Depósito 2 17/01/2008     L-23146 1016239 23/02/2023 23/02/2023 Libro impreso